| 000 -LEADER |
| fixed length control field |
01459cam a2200265 i 4500 |
| 001 - CONTROL NUMBER |
| control field |
005480241 |
| 003 - CONTROL NUMBER IDENTIFIER |
| control field |
OSt |
| 005 - DATE AND TIME OF LATEST TRANSACTION |
| control field |
20251128103443.0 |
| 008 - FIXED-LENGTH DATA ELEMENTS--GENERAL INFORMATION |
| fixed length control field |
150715s2015 nyu 000 1 eng |
| 010 ## - LIBRARY OF CONGRESS CONTROL NUMBER |
| LC control number |
2015026888 |
| 020 ## - INTERNATIONAL STANDARD BOOK NUMBER |
| International Standard Book Number |
9780593074633 |
| Qualifying information |
(pbk.) |
| 040 ## - CATALOGING SOURCE |
| Original cataloging agency |
NCNU |
| Language of cataloging |
eng |
| Description conventions |
AACR2 |
| Transcribing agency |
NCNU |
| Modifying agency |
NCNU |
| -- |
KH8 |
| 042 ## - AUTHENTICATION CODE |
| Authentication code |
nbic |
| 082 ## - DEWEY DECIMAL CLASSIFICATION NUMBER |
| Classification number |
FIC KIN |
| 100 1# - MAIN ENTRY--PERSONAL NAME |
| Personal name |
Kinsella, Sophie, |
| Relator term |
author. |
| 245 10 - TITLE STATEMENT |
| Title |
Shopaholic to the rescue / |
| Statement of responsibility, etc. |
Sophie Kinsella. |
| 260 ## - PUBLICATION, DISTRIBUTION, ETC. |
| Place of publication, distribution, etc. |
London : |
| Name of publisher, distributor, etc. |
Transworld Publishers, |
| Date of publication, distribution, etc. |
2015. |
| 300 ## - PHYSICAL DESCRIPTION |
| Extent |
310 p. ; |
| Dimensions |
22 cm. |
| 520 ## - SUMMARY, ETC. |
| Summary, etc. |
"Becky's father Graham and her best friend's husband, Tarquin, have disappeared from Los Angeles saying simply they have "something to take care of." But Tarquin's wife Suze who is Becky's best friend, and Becky's mother Jane, are convinced the two men are hiding something and are in danger--their imaginations run wild. They must track them down! Hijinks ensue as husband Luke drives Becky, daughter Minnie, Jane, Suze and other favorite Kinsella characters across country from LA to Las Vegas in search of the missing men. Becky feels deeply guilty about ignoring her father while he was in LA, in addition Becky feels her enemy Alicia is threatening her friendship with Suze. "-- |
| Assigning source |
Provided by publisher. |
| 650 #0 - SUBJECT ADDED ENTRY--TOPICAL TERM |
| Topical term or geographic name entry element |
Family secrets |
| Form subdivision |
Fiction. |
| 650 #7 - SUBJECT ADDED ENTRY--TOPICAL TERM |
| Topical term or geographic name entry element |
FICTION / Humorous. |
| Source of heading or term |
bisacsh. |
| 650 #7 - SUBJECT ADDED ENTRY--TOPICAL TERM |
| Topical term or geographic name entry element |
FICTION / Contemporary Women. |
| Source of heading or term |
bisacsh. |
| 650 #7 - SUBJECT ADDED ENTRY--TOPICAL TERM |
| Topical term or geographic name entry element |
Mystery fiction. |
| Source of heading or term |
gsafd. |
| 942 ## - ADDED ENTRY ELEMENTS (KOHA) |
| Source of classification or shelving scheme |
|
| Koha item type |
Books - Fiction |